000 00333cam a22001217a 4500
008 180718b1981 xxu||||| |||| 00| 0 eng d
082 _aA6x59 Sa72
100 _aSardesai, D.R.
245 _aSoutheast Asia: past and present
_cby D.R. Sardesai
260 _aDelhi
_bVikas
_c1981
300 _a485p.
650 _aAsia, Southeast - History
999 _c353501
_d353501